Etica para Amador

Saved in:
書目詳細資料
主要作者: Savater, Fernando (Author)
格式: 圖書
語言:西班牙语
出版: Barcelona Ariel 1991
版:7a. ed
叢編:Serie Apeiron Invitación a la filosofía
主題:
標簽: 添加標簽
沒有標簽, 成為第一個標記此記錄!

MARC

LEADER 00000nam a2200000 a 4500
001 UCY5308
003 CL-VaPUC
005 20240131104411.0
008 950425e19910000SP |||||||||||||||||spa|d
999 |c 232995  |d 232993 
040 |c Pontificia Universidad Católica de Valparaíso 
082 0 4 |a 170.07  |b SAV  |2 21 
100 0 |a Savater, Fernando  |e author  |9 334007 
245 1 0 |a Etica para Amador 
250 |a 7a. ed 
260 |a Barcelona  |b Ariel  |c 1991 
300 |a 189 p 
490 0 |a Serie Apeiron Invitación a la filosofía 
583 |a last modification  |c 19950425 00:00:00  |k Rodrigo Vera 
650 0 |a Ética  |9 255099 
650 0 |a Educación moral  |9 308319 
650 0 |a Valores (Filosofía)  |9 256541 
942 |c BK  |2 ddc 
945 |d 19950425 00:00:00  |a aalvarez 
952 |0 0  |1 0  |4 0  |6 170_070000000000000_SAV_1991  |7 0  |8 R  |9 238034  |a BIBGIM  |b BIBGIM  |d 2019-11-18  |i 3552497  |o 170.07 SAV 1991  |p 3552497  |r 2025-01-15  |w 2019-11-18  |y BK_R  |k SSL 
952 |0 0  |1 0  |4 0  |6 170_070000000000000_SAV_1991  |7 0  |8 A  |9 238035  |a BIBEDU  |b BIBEDU  |d 2019-11-18  |i 364653K  |o 170.07 SAV 1991  |p 364653K  |r 2019-11-18  |w 2019-11-18  |y BK  |k BME 
952 |0 0  |1 0  |4 0  |6 170_070000000000000_SAV_1991  |7 0  |8 R  |9 238036  |a BIBGIM  |b BIBGIM  |d 2019-11-18  |i 3796957  |o 170.07 SAV 1991  |p 3796957  |r 2025-01-15  |w 2019-11-18  |y BK_R  |k SSL